Obras
Gespeichert in:
| 1. Verfasser: | |
|---|---|
| Format: | Buch |
| Sprache: | Spanisch |
| Veröffentlicht: |
Madrid
Ediciones Cristiandad
1981
|
| Ausgabe: | 1a. ed |
| Schlagworte: | |
| Tags: |
Tag hinzufügen
Keine Tags, Fügen Sie den ersten Tag hinzu!
|
MARC
| LEADER | 00000cam a2200000 a 4500 | ||
|---|---|---|---|
| 001 | UCD9843 | ||
| 003 | CL-VaPUC | ||
| 008 | 170709e19810000sp |||||||||||||||||spa|d | ||
| 020 | |a 8470572865o.c | ||
| 020 | |a 8470572873t.1 | ||
| 082 | 0 | 4 | |a 128 |b GUA |2 21 |
| 100 | 0 | |a Guardini, Romano |e author |9 341352 | |
| 245 | 1 | 0 | |a Obras |
| 250 | |a 1a. ed | ||
| 300 | |a t | ||
| 942 | |c BK | ||
| 945 | |d 20170709 17:01:00 |a dcastane | ||
| 260 | |a Madrid |b Ediciones Cristiandad |c 1981 | ||
| 500 | |a t.1: Europa: realidad y tarea. El ocaso de la Edad Moderna. El poder. La esencia de la obra de arte | ||
| 650 | 0 | |a Antropología filosófica |9 265842 | |
| 650 | 0 | |a Filosofía italiana |9 265241 | |
| 650 | 0 | |a Historia de Europa |9 392003 | |
| 583 | |a last modification |c 20170709 17:01:00 |k Rodrigo Vera | ||
| 999 | |c 368862 |d 368860 | ||
| 952 | |0 0 |1 0 |3 erd |4 0 |6 128_000000000000000_GUA_1981 |7 0 |8 P |9 484313 |a BIBEDU |b BIBEDU |c BIBEDU_PB |h t.1 |i 5404029 |o 128 GUA 1981 |p 5404029 |r 2024-01-25 |w 2019-11-24 |y BK |z Catalogado en:20170709 |k FIL | ||